00647nam a2200193Ia 4500008004100000020000700041082001700048100003600065245002600101250000700127260004600134300002800180500001900208600002100227650005000248942000700298952013300305999001500438240925s9999 xx 000 0 und d aNA a005.3096 TOU aTouchstone Software Corporation 0aCheck IT Pro Sys Info aNA aCalifornia:bTouch Stone Softwarec,1993. avii,152p.bNAfOriginal aIncludes Index aComputer Science aComputer science, information & general works cBK 011440708CSaUITUbUITUd1996-10-22eModern Book Seller g125.00l0o005.3096 TOUpQ0824r2024-09-25 07:12:13w2024-09-25yBK c3323d3323